00335nam a2200121Ia 450000500170000000800410001708200140005810000240007224500330009626000380012930000130016765000330018020260501121704.0191201s2018 xx 000 0 und d a660.6 KOP aKokare, Chandrakant 0aPharmaceutical Biotechnology bNirali PrakashanaNew Delhic2018 a20.8,1.4 aPharmaceutical Biotechnology